000 00656nam a2200241Ia 4500
003 OSt
005 20220918221624.0
006 a|||||r|||| 00| 0
007 ta
008 220917b |||||||| |||| 00| 0 eng d
024 _a202,227
037 _cTextual
040 _aARTS
_cARTS
_beng
041 _2eng
_aeng
082 _aV281xNKH, P1
100 _aKhushwant Singh Ed.
_9140976
245 0 _aCity improbable
_b An anthology of writings on Delhi
260 _aNew Delhi
_bViking
_c2001
300 _axv, 286 p
_ccm.
650 _aHISTORY
942 _hV281xNKH, P1
_cTEXL
_2CC
999 _c273125
_d273125